Australian Financial accounting / (Record no. 3410)

000 -LEADER
fixed length control field 00555nam a22002057a 4500
003 - CONTROL NUMBER IDENTIFIER
control field OSt
005 - DATE AND TIME OF LATEST TRANSACTION
control field 20161005165735.0
008 - FIXED-LENGTH DATA ELEMENTS--GENERAL INFORMATION
fixed length control field 111018t xxu||||| |||| 00| 0 eng d
020 ## - INTERNATIONAL STANDARD BOOK NUMBER
International Standard Book Number 9780070277748
040 ## - CATALOGING SOURCE
Transcribing agency DLC
050 ## - LIBRARY OF CONGRESS CALL NUMBER
Classification number HF5635.D44 2010
100 ## - MAIN ENTRY--PERSONAL NAME
Personal name Deegan, Craig
245 ## - TITLE STATEMENT
Title Australian Financial accounting /
Statement of responsibility, etc Craig Deegan
250 ## - EDITION STATEMENT
Edition statement 6th ed.
260 ## - PUBLICATION, DISTRIBUTION, ETC. (IMPRINT)
Place of publication, distribution, etc Australia :
Name of publisher, distributor, etc McGraw Hill
Date of publication, distribution, etc 2010 .
300 ## - PHYSICAL DESCRIPTION
Extent xxviii, 1284p.
Other physical details ill. (some col. ) .
Dimensions 28cm
504 ## - BIBLIOGRAPHY, ETC. NOTE
Bibliography, etc Includes index
650 ## - SUBJECT ADDED ENTRY--TOPICAL TERM
Topical term or geographic name as entry element Financial accounting
942 ## - ADDED ENTRY ELEMENTS (KOHA)
Source of classification or shelving scheme
Koha item type Book
Holdings
Withdrawn status Lost status Source of classification or shelving scheme Damaged status Not for loan Home library Current library Shelving location Date acquired Total Checkouts Full call number Barcode Date last seen Copy number Price effective from Koha item type
          Riara University Library Riara University Library General stack 05/10/2016   HF5635.D44 2010 8661/16 05/10/2016 C.1 05/10/2016 Book
          Riara University Library Riara University Library General stack 13/10/2016   HF5635.D44 2010 8433/16 13/10/2016 C.2 13/10/2016 Book

Riara University Library,
P.O. Box 49940-00100,
Nairobi, Kenya.